000 00521nam a2200169 4500
001 120219
003 ES-MaACL
005 20251111063349.0
007 t|
008 070214s1903 sp r ||||1| spa d
100 1 _aPérez Zúñiga, Juan,
_d1860-1938
_991232
245 1 0 _aAmantes célebres puestos en solfa /
_cJuan Pérez Zuñiga.
260 _aMadrid :
_b[s.n.],
_c1903 (
_fImprenta de los hijos de M.G. Hernández)
300 _a175 p. ;
_c19 cm.
852 _aES-MaACL
_jA-4750
999 _c120219
_d120219